| 000 | 00554nam a2200193Ia 4500 | ||
|---|---|---|---|
| 999 |
_c15144 _d15144 |
||
| 003 | OSt | ||
| 005 | 20201020114255.0 | ||
| 008 | 190216s9999||||xx |||||||||||||| ||und|| | ||
| 020 | _a415012422 | ||
| 040 | _cOclc | ||
| 082 |
_a820.9 _bDUR/F |
||
| 100 |
_aDuring, Simon _95410 |
||
| 245 | 0 |
_aFoucault And Literature Towards A Genealogy Of Writing / _cSimon During |
|
| 250 | _a2nd Ed. | ||
| 260 |
_bRoutledge, _c2004. _aLondon: |
||
| 300 | _a259p | ||
| 650 | _aEnglish Literature | ||
| 942 |
_cBK _2ddc _h820.9 _iDUR/F _k820.9 _mDUR/F |
||